Anticorruption in Transition. (Record no. 6891)

MARC details
000 -LEADER
fixed length control field 00509nam a22001817a 4500
003 - CONTROL NUMBER IDENTIFIER
control field OSt
005 - DATE AND TIME OF LATEST TRANSACTION
control field 20260318020002.0
008 - FIXED-LENGTH DATA ELEMENTS--GENERAL INFORMATION
fixed length control field 210429b ||||| |||| 00| 0 eng d
020 ## - INTERNATIONAL STANDARD BOOK NUMBER
International Standard Book Number 0821348027
040 ## - CATALOGING SOURCE
Transcribing agency DDC
082 ## - DEWEY DECIMAL CLASSIFICATION NUMBER
Classification number 353.4ANT 2000.
100 ## - MAIN ENTRY--PERSONAL NAME
Personal name The world Bank.
9 (RLIN) 6272
245 ## - TITLE STATEMENT
Title Anticorruption in Transition.
Remainder of title A contribution to the policy Debate.
260 ## - PUBLICATION, DISTRIBUTION, ETC. (IMPRINT)
Place of publication, distribution, etc. Washington DC
Name of publisher, distributor, etc. The World Bank
Date of publication, distribution, etc. 2000.
300 ## - PHYSICAL DESCRIPTION
Extent xxxi,101p;
Other physical details ill;
Dimensions 27cm
650 ## - SUBJECT ADDED ENTRY--TOPICAL TERM
Topical term or geographic name as entry element Corruption
9 (RLIN) 4206
942 ## - ADDED ENTRY ELEMENTS (KOHA)
Source of classification or shelving scheme Dewey Decimal Classification
Koha item type Open Shelf
Koha issues (borrowed), all copies 1
Holdings
Withdrawn status Lost status Source of classification or shelving scheme Damaged status Not for loan Home library Current library Date acquired Source of acquisition Inventory number Total Checkouts Full call number Barcode Checked out Date last seen Date last checked out Price effective from Koha item type
    Dewey Decimal Classification     MUST Main Library MUST Main Library 29/04/2021 Purchase 04/21802 1 353.4ANT 2000. 2021-0451 30/04/2026 17/03/2026 17/03/2026 29/04/2021 Open Shelf
    Dewey Decimal Classification     MUST Main Library MUST Main Library 04/07/2024 Purchase 04/21803   353.4ANT 2000. 2024-21777   04/07/2024   04/07/2024 Open Shelf